Central Library || Chittagong University

চতুকোণ শ্রেষ্ঠ গল্প সংগ্রহ/ (Record no. 111963)

MARC details
000 -LEADER
fixed length control field 00627nam a22001697a 4500
003 - CONTROL NUMBER IDENTIFIER
control field BD-ChCU
005 - DATE AND TIME OF LATEST TRANSACTION
control field 20260331114252.0
008 - FIXED-LENGTH DATA ELEMENTS--GENERAL INFORMATION
fixed length control field 260331b bg ||||| |||| 00| 0 ben d
040 ## - CATALOGING SOURCE
Transcribing agency BD-ChCU
082 ## - DEWEY DECIMAL CLASSIFICATION NUMBER
Classification number ৮১৩.০১৮ চতু ৬
100 ## - MAIN ENTRY--PERSONAL NAME
Personal name চতুকোণ
Relator term সম্পাদক
9 (RLIN) 20982
245 ## - TITLE STATEMENT
Title চতুকোণ শ্রেষ্ঠ গল্প সংগ্রহ/
Statement of responsibility, etc. চতুকোণ (সম্পাদিত)
260 ## - PUBLICATION, DISTRIBUTION, ETC.
Place of publication, distribution, etc. কলকাতা:
Name of publisher, distributor, etc. চতুকোণ,
Date of publication, distribution, etc. ১৯৭৮
300 ## - PHYSICAL DESCRIPTION
Extent ১৮২পৃ.
650 #0 - SUBJECT ADDED ENTRY--TOPICAL TERM
Topical term or geographic name entry element বাংলা ছোটগল্প
9 (RLIN) 20984
942 ## - ADDED ENTRY ELEMENTS (KOHA)
Source of classification or shelving scheme Dewey Decimal Classification
Koha item type Books
Suppress in OPAC No
Holdings
Withdrawn status Lost status Source of classification or shelving scheme Damaged status Not for loan Home library Current library Shelving location Date acquired Total Checkouts Full call number Barcode Date last seen Price effective from Koha item type Public note
    Dewey Decimal Classification     Chittagong University Library Chittagong University Library Rare Section 03/31/2026   ৮১৩.০১৮ চতু 228046 03/31/2026 03/31/2026 Books ড. রশীদ আল ফারুকী প্রদত্ত
© Copyright 2025. Chittagong University Library, Installation and Maintenance by Prof. Dr. Md. Alamgir, 01711306253